000 00448nam a2200181Ia 4500
001 4974
005 20260306145834.0
008 260306t2010||||xx |||||||||||||| ||spa||
041 _aESP
082 _a332.12
_bM26
100 _aMarcuse, Robert
_eAUT
245 0 _aEl banco nuestro de cada día:
_buna visión desde adentro
260 _c2010
300 _a213 páginas :
_c22 cm.
650 _aGEN
654 _aCAN
942 _cLIB
_dJUS
_fJUS
_2ddc
_n
999 _c4974
_d4974